| 000 | 00421nam a22001697a 4500 | ||
|---|---|---|---|
| 003 | MACL | ||
| 005 | 20160116173812.0 | ||
| 008 | 160116b xxu||||| |||| 00| 0 eng d | ||
| 040 | _cMACL | ||
| 041 | _aEnglish | ||
| 082 | _a333/BHA | ||
| 100 |
_aBhatt R.K _933056 |
||
| 245 | _aGlobalization India And The World | ||
| 260 |
_aNew Delhi _bConcept Publication _c2011 |
||
| 650 |
_aGlobailization _933057 |
||
| 942 |
_2ddc _cBK |
||
| 999 |
_c52742 _d52742 |
||